000 00678nam a2200265Ia 4500
005 20260306163610.0
008 008 260114s9999 xx 000 0 eng d
020 _a9781400890354
037 _aEBOOK
040 _aCRL
040 _beng
040 _cCRL
041 _2eng
041 _aeng
084 _qCRL
100 _aKohler-hausmann
_91128965
245 0 _aMisdemeanorland: Criminal Courts And Social Control In An Age Of Broken Windows Policing
260 _bPrinceton University Press
260 _c2020
650 _aSocial Work
856 _uhttps://academic.oup.com/book/30888
942 _cEBOOK
999 _c1710745
_d1710745